02687nam a2200385Ia 4500001001200000003000800012006001900020007001500039008004100054010001700095020001500112020003300127040002100160035002100181050002400202100003500226245014500261250001200406260004300418300002500461504006600486505099800552533015201550600005301702650004701755650005501802650007301857650006501930650006001995651005502055655002902110710001702139856012602156999001902282ebr10135511CaPaEBRm u cr cn|||||||||040305s2004 nyua sb 001 0deng d z 2004044578 z1403981302 z1403962529 (hc : alk. paper) aCaPaEBRcCaPaEBR a(OCoLC)56018935514aE837.7b.C37 2004eb1 aCarty, Thomasq(Thomas Joseph)12aA Catholic in the White House?h[electronic resource] :breligion, politics, and John F. Kennedy's presidential campaign /cThomas J. Carty. a1st ed. aNew York :bPalgrave Macmillan,c2004. aviii, 215 p. :bill. aIncludes bibliographical references (p. [173]-210) and index.0 aIntroduction : the unresolved "Catholic issue" : the debate about religion's role in the 1960 Presidential campaign -- Popish plots, religious liberty, and the emerging face of American Catholicism before 1928 -- Protestant America or a nation of immigrants? : Al Smith, Joe Kennedy, and Jim Farley pursue the nation's highest office -- Nativist anti-Catholicism or Christian evangelization? : Billy Graham, Norman Vincent Peale, and the marginalization of religion during the 1960 Presidential campaign -- Religious liberty or religious test? : debating the 1960 campaign's "Catholic issue" in liberal organizations and media -- Defining religious bigotry : pluralism and political strategy in the 1960 Presidential election -- The Cold War and the domestic response to Kennedy's Catholicism -- Testing the "Bailey thesis" : state-level reactions to a Catholic Presidential candidate in California, Georgia, Michigan, and New York -- Epilogue: Catholics and Presidential elections since 1960. aElectronic reproduction.bPalo Alto, Calif. :cebrary,d2009.nAvailable via World Wide Web.nAccess may be limited to ebrary affiliated libraries.10aKennedy, John F.q(John Fitzgerald),d1917-1963. 0aPresidentszUnited StatesxElectiony1960. 0aPresidential candidateszUnited StatesvBiography. 0aCatholicszUnited StatesxPolitical activityxHistoryy20th century. 0aReligion and politicszUnited StatesxHistoryy20th century. 0aAnti-CatholicismzUnited StatesxHistoryy20th century. 0aUnited StatesxPolitics and governmenty1961-1963. 7aElectronic books.2local2 aebrary, Inc.40uhttp://site.ebrary.com/lib/rucke/Doc?id=10135511zAn electronic book accessible through the World Wide Web; click to view c187888d187888